| 000 | 00523nam a2200193 a 4500 | ||
|---|---|---|---|
| 001 | 1040 | ||
| 003 | CDMR | ||
| 005 | 20131126104326.0 | ||
| 008 | 130130s1984||||||||||||||||||||||||||||d | ||
| 020 | _a8427706480 | ||
| 040 |
_aCDMR _bcat _cCDMR |
||
| 100 | 1 |
_aGonnet, Jacques _9821 |
|
| 245 | 1 | 3 |
_aEl periódico en la escuela _b: creación y utilización _cJaques Gonnet |
| 260 |
_aMadrid _c1984 _bNarcea |
||
| 490 | 0 | _aEducación Hoy | |
| 650 | 0 | 4 |
_94387 _aPremsa i educació |
| 650 | 0 | 4 |
_92722 _aPremsa escolar |
| 942 |
_cMON _2udc |
||
| 999 |
_c1040 _d1040 |
||